000 01257nam a2200313Ia 4500
001 ebr10368593
003 CaPaEBR
006 m u
007 cr cn|||||||||
008 100902s2009 dcua sb i000 0 eng d
040 _aCaPaEBR
_cCaPaEBR
035 _a(OCoLC)649536856
050 1 4 _aHG1581
_b.H85 2009eb
100 1 _aHuizinga, Harry.
245 1 0 _aAccounting discretion of banks during a financial crisis
_h[electronic resource] /
_cHarry Huizinga and Luc Laeven.
260 _a[Washington, D.C.] :
_bInternational Monetary Fund,
_c2009.
300 _a41 p. :
_bill.
490 1 _aIMF working paper ;
_vWP/09/207
504 _aIncludes bibliographical references.
533 _aElectronic reproduction.
_bPalo Alto, Calif. :
_cebrary,
_d2011.
_nAvailable via World Wide Web.
_nAccess may be limited to ebrary affiliated libraries.
650 0 _aBanks and banking.
650 0 _aAccounting
_xCorrupt practices.
655 7 _aElectronic books.
_2local
700 1 _aLaeven, Luc.
710 2 _aInternational Monetary Fund.
710 2 _aebrary, Inc.
830 0 _aIMF working paper ;
_vWP/09/207.
856 4 0 _uhttp://site.ebrary.com/lib/rucke/Doc?id=10368593
_zAn electronic book accessible through the World Wide Web; click to view
999 _c211994
_d211994